Avengers: Infinity War (2018): Characters by Picture - Statistics

General Stats
  • This quiz has been taken 175 times
    174 since last reset
  • The average score is 30 of 40
Answer Stats
Picture Answer % Correct
Thanos
100%
Black Panther
99%
Doctor Strange
99%
Iron Man
99%
Iron Spider
99%
Thor
99%
Black Widow
97%
Groot
97%
Nomad
97%
The Incredible Hulk
97%
Vision
96%
Wanda Maximoff
96%
Why is Gamora?
95%
Rocket Raccoon
94%
Bucky Barnes
92%
Falcon
90%
Star-Lord
90%
Loki
89%
War Machine
87%
Nebula
86%
Drax the Destroyer
84%
Nick Fury
79%
Mantis
78%
Pepper Potts
71%
Red Skull
70%
Wong
69%
Stan Lee
68%
Shuri
63%
Heimdall
61%
Captain Marvel
59%
Okoye
56%
M'Baku
55%
Maria Hill
53%
Collector
49%
Thaddeus Ross
47%
Ebony Maw
41%
Cull Obsidian
34%
Proxima Midnight
34%
Corvus Glaive
26%
Eitri
21%
No matching quizzes found
Score Distribution
Percent of People with Each Score
Percentile by Number Answered
Your Score History
You have not taken this quiz since the last reset